000 00573nam a2200181Ia 4500
999 _c54851
_d54851
003 GCL
005 20240530105320.0
008 140319s9999 xx 000 0 ara d
040 _aGCL /
_cGCL
082 0 4 _a189.2
_bع ت
100 _aعبدالحليم منتصر
245 1 0 _aتاريخ العلم ودور العلماء العرب فى تقدمه
_cعبدالحليم منتصر
260 _a[S.N] :
_bدار المعارف ،
_c1990
300 _a263 ص
650 0 4 _aالفلسفة الاسلامية
650 0 4 _aتاريخ الفلسفة
942 _2ddc
_cBK